Countries That Start With E - Statistics

General Stats
  • This quiz has been taken 63 times
  • The average score is 7 of 8
Answer Stats
Continent Country % Correct
South America Ecuador
93%
Europe Estonia
93%
North America El Salvador
89%
Africa Ethiopia
89%
Africa Eritrea
88%
Africa Eswatini
81%
Africa Egypt
75%
Africa Equatorial Guinea
75%
No matching quizzes found
Score Distribution
Percent of People with Each Score
Percentile by Number Answered
Your Score History
You have not taken this quiz